Retrocesos en democracia y desarrollo

Bewaard in:
Bibliografische gegevens
Formaat: Texto
Onderwerpen:
Tags: Voeg label toe
Geen labels, Wees de eerste die dit record labelt!

MARC

LEADER 00000 a a2200000 04500
001 6905
003
040
245 |a Retrocesos en democracia y desarrollo  
650 |a ASPECTOS SOCIALES  
650 |a DEMOCRACIA  
650 |a DESARROLLO ECONOMICO  
650 |a SALUD  
650 |a EDUCACION  
650 |a EL SALVADOR  
773 |g volumen 28, número 1273; páginas 11-14  
999 |c 30970  |d 30970